Biochemistry and medical genetics (Registro nro. 167013)

Detalles MARC
000 -ENCABEZADO
Número de control [NR] 00843 a2200241 4500
005 - FECHA Y HORA DE LA ÚLTIMA TRANSACCIÓN
control field 20180312122239.0
008 - DE LONGITUD FIJA DE DATOS DE ELEMENTOS - INFORMACIÓN GENERAL
Elementos de longitud fija [NR] 130524s2011 xxuad fr|||| 001 0 eng d
040 ## - FUENTE DE CATALOGACION [NR]
Agencia de catalogación original [NR] CO-BoUCM
Idioma de catalogación [NR] spa
Quien Cataloga Saul Niño (Modificó)
Quien Clasifica Aldemar Mondragón
041 ## - CODIGO DE IDIOMA [R]
Código de idioma para texto/pista de sonido o título separado [R] Inglés
060 ## - SIGNATURA TOPOGRAFICA DE LA BIBLIOTECA NACIONAL DE MEDICINA (NLM) [R]
Número clasificador [R] QU 18.2
100 1# - ASIENTO PRINCIPAL--NOMBRE PERSONAL [NR]
Nombre personal [NR] Hansen, Barbara
ID Autoridad 38218
245 1# - MENCION DE TITULO [NR]
Título [NR] Biochemistry and medical genetics
Parte restante del título [NR] Lecture notes
Mención de responsabilidad, etc. [NR] Barbara Hansen, Lynn B. Jorde
260 ## - PUBLICACION, DISTRIBUCION, ETC. (PIE DE IMPRENTA) [R]
Lugar de publicación, distribución, etc. [R] [Washington D. C]
Nombre del editor, distribuidor, etc. [R] Kaplan medical
Fecha de publicación, distribución, etc. [R] 2011
300 ## - DESCRIPCION FISICA [R]
Extensión [R] vii, 420 páginas
Otros detalles físicos [NR] ilustraciones, cuadros y gráficos
490 ## - MENCION DE SERIE [R]
Mención de serie [R] USMLE step 1
500 ## - NOTA GENERAL [R]
Nota general [NR] incluye índice
650 #7 - ASIENTO SECUNDARIO DE MATERIA - TERMINO TEMATICO [R]
Término temático o nombre geográfico como elemento de entrada [NR] Biología molecular
9 (RLIN) 10131
650 #7 - ASIENTO SECUNDARIO DE MATERIA - TERMINO TEMATICO [R]
Término temático o nombre geográfico como elemento de entrada [NR] Bioquímica
Subdivisión de forma [R] Manuales
9 (RLIN) 38217
650 #7 - ASIENTO SECUNDARIO DE MATERIA - TERMINO TEMATICO [R]
Término temático o nombre geográfico como elemento de entrada [NR] Genética médica
9 (RLIN) 16318
690 ## - ASUNTO AGREGADO LOCAL DE ENTRADA - TÉRMINO TEMÁTICO (OCLC, RLIN)
Acceso temático local Bioquímica
9 (RLIN) 10154
700 1# - ASIENTO SECUNDARIO - NOMBRE PERSONAL [R]
Nombre personal [NR] Jorde, Lynn B.
9 (RLIN) 38492
942 ## - ELEMENTOS DE ENTRADA AGREGADOS (KOHA)
Tema principal Medicina
Tipo de ítem principal el descrito en 300a Libro
Edición 1
Parte restante de la signatura top. H249u
Sistema de clasificación NLM
Clasificación QU 18.2
Título oculto en OPAC No
Existencias
Fecha de último préstamo Total préstamos Total Renewals Signatura topográfica Código de barras Última vez visto Ejemplar Costo de reposición Price effective from Tipo de ítem Perdido Sistema de clasificación Dañado No prestable Tipo de ítem específico Suprimido Ubicación habitual Ubicación actual Localización Fecha de creación Proveedor Forma de adquisición Costo
03/04/2018 19 23 QU 18.2 H249u 200026243 12/12/2025 Ej.2 26000.00 22/05/2013 Libro   NLM     Libro   Quinta de Mutis Quinta de Mutis 1er piso 22/05/2013 12 Donación 0.00
30/04/2018 14 4 QU 18.2 H249u 200026244 12/12/2025 Ej.3 26000.00 22/05/2013 Libro   NLM     Libro   Quinta de Mutis Quinta de Mutis 1er piso 22/05/2013 12 Donación 0.00
12/10/2018 22 23 QU 18.2 H249u 200026242 12/12/2025 Ej.1 26000.00 22/05/2013 Libro   NLM     Libro   Quinta de Mutis Quinta de Mutis 1er piso 22/05/2013 12 Donación 0.00